Stratégia hotelov na Slovensku na prekonanie dôsledkov recesie

Stratégie uplatňované hotelmi na Slovensku v čase svetovej hospodárskej krízy a zhodnotenie ich vplyvu na činnosť hotelov.

Enregistré dans:
Détails bibliographiques
Auteur principal: Orieška, Ján
Autres auteurs: Hudáčková, Lucia
Format: Chapitre de livre
Langue:slovaque
Sujets:
Tags: Ajouter un tag
Pas de tags, Soyez le premier à ajouter un tag!

MARC

LEADER 00000naa a2200000 4500
001 0175177
005 20231204132321.3
041 0 |a slo 
044 |a SK 
245 1 0 |a Stratégia hotelov na Slovensku na prekonanie dôsledkov recesie  |c Ján Orieška, Lucia Hudáčková 
520 |a Stratégie uplatňované hotelmi na Slovensku v čase svetovej hospodárskej krízy a zhodnotenie ich vplyvu na činnosť hotelov. 
610 2 0 |a stratégia podnikateľská 
610 2 0 |a hotelierstvo 
610 2 0 |a kríza hospodárska 
100 1 |a Orieška, Ján 
700 1 |a Hudáčková, Lucia